Musicals By Their Iconic Songs #2 - Statistics

General Stats
  • This quiz has been taken 115 times
  • The average score is 9 of 15
Answer Stats
Hint Answer % Correct
Let It Go, Do You Want To Build a Snowman?, Fixer Upper Frozen
98%
The Circle of Life, He Lives in You, Be Prepared The Lion King
98%
All That Jazz, Cell Block Tango, Roxie Chicago
93%
You Can't Stop The Beat, Welcome To The 60s, Good Morning Baltimore Hairspray
83%
So Much Better, Omigod You Guys, The Harvard Variations Legally Blonde
76%
Red and Black, One Day More, The Confrontation Les Miserables
63%
Willkommen, Don't Tell Mama, Mein Herr Cabaret
62%
I Know Things Now, Agony, Giants In The Sky Into The Woods
51%
What The World Needs, Ballad of Jane Doe, Noel's Lament Ride the Cyclone
48%
I'm Alive, I Am The One, Perfect For You Next To Normal
46%
The Campfire Song, Good Kid, The Day I Got Expelled The Lightning Thief
44%
The Naming of ____, Old Deuteronomy, Bustopher Jones Cats
38%
Everything's Coming Up Roses, Small World, You Gotta Get a Gimmick Gypsy
28%
I'm Breaking Down, Year of the Child, What Would I Do? Falsettos
24%
Old Friends, Our Time, Franklin Shepard Inc Merrily We Roll Along
19%
No matching quizzes found
Score Distribution
Percent of People with Each Score
Percentile by Number Answered
Your Score History
You have not taken this quiz